Niemiecki perfekt - Statystyki

Ogólne statystyki
  • Ten quiz został rozwiązany 64 razy
  • Średni wynik to 9 z 15
Statystyki odpowiedzi
Bezokolicznik Perfekt Tłumaczenie % Poprawnych
backen hat gebacken piec
90%
essen hat gegessen jeść
83%
beginnen hat begonnen zaczynać
79%
fahren ist gefahren jechać
72%
gehen ist gegangen iść, chodzić
72%
fliegen ist geflogen latać
69%
geben hat gegeben dawać
66%
bleiben ist geblieben zostawał
62%
finden hat gefunden znajdować
55%
fallen ist gefallen upadać
55%
bringen hat gebracht przynosić
52%
bieten hat geboten oferować
48%
denken hat gedacht myśleć
48%
empfehlen hat empfohlen polecać
38%
bitten hat gebeten prosić
38%
Nie znaleziono quizów pasujących do podanych kryteriów
Rozkład punktacji
Procent ludzi z każdym wynikiem
Percentyl według liczby udzielonych odpowiedzi
Twoja historia wyników
Nie rozwiązałeś tego quizu